000 00436nam a2200157Ia 4500
008 220531s9999 xx 000 0 und d
041 _amar
100 _aआलेगावकर पी . एम.
_955684
245 _aसुदढतेसाठी व्‍यायाम
260 _bMadhura.
_c2004
300 _a112
542 _d16-09-2010
650 _aGeneral
_955685
906 _d2010-2011
999 _c32146
_d32146